000 01152cab a2200241 4500
001 ##L134210
008 060718n2006 000 0 eng u
035 _a(Sirsi) u134210
041 0 _aeng
100 1 _aDi Paola, Luigi
245 0 0 _aConcurrent delays
260 _c2006
490 0 _aInternational Construction Law Review
_v23(3) July 2006, 373-385(13)
520 _aConcurrent delay occurs where a contractor's delays either partially or wholly take place concurrently with delays by the employer. This article examines the various approaches adopted by English common law and Italian civil law to concurrent delay. Considers the capabilities and limits of the critical path method, classification of delays, and the delay and disruption protocol of the Society of Construction Law.
590 _aIKA180706
650 2 4 _aSOCIETY OF CONSTRUCTION LAW DELAY AND DISRUPTION PROTOCOL
650 2 4 _aHENRY BOOT CONSTRUCTION (UK) V MALMAISON HOTEL (MANCHESTER)
651 4 _aEngland
_y886-
651 4 _aITALY
690 _aBUILT ENVIRONMENT-CONSTRUCTION MANAGEMENT-BUILDING CONTRACT ADMINISTRATION
700 1 _aSpanu, Paolo
942 _n0
999 _c77410
_d77410